000
00307nam a2200109Ia 4500
005
20251222154403.0
008
251222s9999||||xx |||||||||||||| ||spa||
082
_a
342.042/F43O
100
_a
"Ferrand Inurritegui, AlfredoSalazar Larrain, Arturo"
245
0
_a
La otra década perdida: 1979-1989
942
_c
LIB
999
_c
35380
_d
35380